000 00512nam a2200181Ia 4500
005 20260415160318.0
008 008 250505s9999 xx 000 0 eng d
037 _aTextual
040 _aFEDL
_beng
_cFEDL
041 _aeng
_2eng
084 _a540 WEA
_qFEDL
100 _aWeaver Elbert Cook
_9755583
245 0 _aChemistry for our times
260 _aNew York, USA
_bMcGraw-Hill Book Company
_c1947
300 _a726p.
942 _cTEXL
_h540 WEA
999 _c1321550
_d1321550